Statistics for Largest cities in South Carolina

Click here to take the quiz!

General Stats

  • This quiz has been taken 15 times
    (8 since last reset)
  • The average score is 3 of 5

Answer Stats

Answer % Correct
Columbia
100%
Charleston
100%
Greenville
71%
Rock Hill
43%
Summerville
14%

Score Distribution

Percentile by Number Answered

Percent of People with Each Score

Your Score History

You have not taken this quiz since the last reset